[Event "TCh-ESP Div Honor 2016"]
[White "Adhiban, Baskaran"]
[Black "Baklan, Vladimir"]
[Site "Monzon ESP"]
[Result "0-1"]
[Date "2016.09.27"]
[WhiteElo "2671"]
[BlackElo "2619"]
[PlyCount "104"]

1. e4 e6 2. d4 d5 3. Nc3 Nf6 4. Bg5 dxe4 5. Nxe4 Nbd7 6. Nf3 h6 7. Nxf6+ Nxf6 8. Bh4 c5 9. Bc4 cxd4 10. 0-0 Be7 11. Qe2 0-0 12. Rad1 Qb6 13. Ne5 Nd5 14. Bxe7 Nxe7 15. Rd3 Nf5 16. g4 Nh4 17. Qe4 f6 18. Rh3 fxe5 19. Rxh4 Qc6 20. Bd3 Qxe4 21. Bxe4 Bd7 22. Rh5 Rac8 23. Rxe5 Bc6 24. Bd3 Rf4 25. h3 Bd5 26. Rd1 Kf7 27. Rd2 Kf6 28. Rde2 g5 29. b3 Rf3 30. Be4 Rg3+ 31. fxg3 Kxe5 32. Bd3+ Kd6 33. Rf2 Ke7 34. h4 Rf8 35. Re2 Kd6 36. Rd2 Rf3 37. hxg5 hxg5 38. Kh2 Re3 39. Bf1 e5 40. Bg2 Rc3 41. Bf1 Bf3 42. Kh3 Kd5 43. Bg2 Bxg2+ 44. Kxg2 e4 45. Re2 Rc7 46. Kf1 e3 47. Rh2 Ke4 48. Ke1 d3 49. cxd3+ Kxd3 50. Kd1 e2+ 51. Rxe2 Rc1+ 52. Kxc1 Kxe2 0-1

[Event "TCh-ESP Div Honor 2016"]
[White "Kuzubov, Yuriy"]
[Black "Ganguly, Surya Shekhar"]
[Site "Monzon ESP"]
[Result "1/2-1/2"]
[Date "2016.09.27"]
[WhiteElo "2629"]
[BlackElo "2672"]
[PlyCount "179"]

1. d4 e6 2. c4 Nf6 3. g3 d5 4. Bg2 Bb4+ 5. Bd2 Be7 6. Nf3 0-0 7. 0-0 Nbd7 8. Qc2 c6 9. Rc1 b6 10. Bf4 Bb7 11. cxd5 Nxd5 12. Nc3 Nxf4 13. gxf4 c5 14. dxc5 Nxc5 15. b4 Nd7 16. Rd1 Qc7 17. Rac1 Rac8 18. Nd5 Qd6 19. Nc7 Bd5 20. e4 Bd8 21. Nb5 Rxc2 22. Nxd6 Rxc1 23. Rxc1 Ba8 24. e5 g5 25. Nxg5 Bxg5 26. fxg5 Nxe5 27. Bxa8 Rxa8 28. f4 Nd3 29. Rc7 Rf8 30. f5 exf5 31. Nxf5 Nxb4 32. Rxa7 Nc6 33. Rb7 Ne5 34. Rxb6 Nf3+ 35. Kf2 Nxg5 36. a4 Ra8 37. a5 h5 38. Ne7+ Kf8 39. Nc6 Ke8 40. a6 Kd7 41. Ne5+ Kd8 42. Ke3 h4 43. Kd3 Ne6 44. Kc4 Ke7 45. a7 Nd8 46. Ra6 f6 47. Nd3 Kd7 48. Nc5+ Kc7 49. Kd5 f5 50. Ra4 h3 51. Ra3 Kb6 52. Na4+ Kb5 53. Nb2 Nc6 54. Nd3 Rd8+ 55. Ke6 Nxa7 56. Nf4 Nc6 57. Kxf5 Rf8+ 58. Ke4 Re8+ 59. Kf5 Rf8+ 60. Kg4 Ne5+ 61. Kg3 Rg8+ 62. Kxh3 Ng4 63. Rg3 Rh8+ 64. Kxg4 Rxh2 65. Rc3 Rh1 66. Kf5 Re1 67. Rc8 Re3 68. Nd5 Re1 69. Rc2 Rh1 70. Nf6 Re1 71. Ne4 Rh1 72. Ke5 Rh5+ 73. Kd4 Rh4 74. Rc5+ Kb4 75. Re5 Rh1 76. Nc5 Rh4+ 77. Kd5 Kc3 78. Re3+ Kd2 79. Rg3 Rh8 80. Ne6 Re8 81. Rh3 Re7 82. Nc5 Re8 83. Ne4+ Ke2 84. Nc3+ Kd2 85. Kd4 Rd8+ 86. Nd5 Ke2 87. Ra3 Kf2 88. Rd3 Ke2 89. Re3+ Kf2 90. Ra3 1/2-1/2

[Event "TCh-ESP Div Honor 2016"]
[White "Delchev, Aleksander"]
[Black "Forcen Esteban, Daniel"]
[Site "Monzon ESP"]
[Result "1-0"]
[Date "2016.09.27"]
[WhiteElo "2591"]
[BlackElo "2540"]
[PlyCount "127"]

1. Nf3 Nf6 2. c4 g6 3. Nc3 Bg7 4. e4 d6 5. d4 0-0 6. Be2 e5 7. 0-0 Nc6 8. d5 Ne7 9. b4 Ne8 10. c5 f5 11. a4 Nf6 12. Nd2 f4 13. Nc4 g5 14. f3 Ng6 15. Ba3 Rf7 16. b5 dxc5 17. Bxc5 h5 18. h3 Bf8 19. Bf2 g4 20. hxg4 hxg4 21. fxg4 Bb4 22. Rc1 Bd7 23. Bf3 Nh7 24. d6 Be6 25. Nd5 Bxd6 26. b6 axb6 27. Nxd6 Qxd6 28. Nxc7 Qxc7 29. Rxc7 Rxc7 30. Bxb6 Rd7 31. Qc2 Rd6 32. Qc7 Rd7 33. Qc2 Rd6 34. a5 Rc8 35. Qb1 Ng5 36. Rd1 Rxd1+ 37. Qxd1 Kg7 38. Bd8 Nf7 39. Bb6 Ng5 40. Bf2 Rc3 41. Qd8 Kh6 42. Bh4 Nxh4 43. Qh8+ Nh7 44. g5+ Kg6 45. Qe8+ Bf7 46. Bh5+ Kxh5 47. Qxf7+ Kg4 48. Qd7+ Kxg5 49. Qxh7 Rg3 50. Qe7+ Kg4 51. Qe6+ Kg5 52. Qxe5+ Kg4 53. Qe6+ Kh5 54. Qd5+ Kg4 55. Qd7+ Kh5 56. Kf1 Rxg2 57. Qxb7 Rd2 58. Qf7+ Kg4 59. Qg7+ Kh5 60. Qc3 Rh2 61. a6 Rh1+ 62. Kf2 Rh2+ 63. Kg1 Rg2+ 64. Kf1 1-0

[Event "TCh-ESP Div Honor 2016"]
[White "De La Villa Garcia, Jesus Maria"]
[Black "Fontana Sotomayor, Luis Javier"]
[Site "Monzon ESP"]
[Result "1-0"]
[Date "2016.09.27"]
[WhiteElo "2473"]
[BlackElo "2259"]
[PlyCount "89"]

1. e4 c6 2. d4 d5 3. exd5 cxd5 4. Bd3 Nc6 5. c3 Qc7 6. Ne2 Bg4 7. 0-0 e6 8. Qe1 Bd6 9. f3 Bh5 10. Qh4 Bg6 11. Bxg6 fxg6 12. Nf4 Bxf4 13. Bxf4 Qf7 14. Bd6 Nge7 15. Bxe7 Nxe7 16. Nd2 0-0 17. Rfe1 Rae8 18. Re2 h6 19. Qg4 Nf5 20. f4 Nd6 21. Rae1 Qxf4 22. Qxf4 Rxf4 23. Rxe6 Rxe6 24. Rxe6 Rf6 25. Re7 Rf7 26. Rxf7 Kxf7 27. a4 g5 28. Kf2 Ke6 29. Ke3 Nf5+ 30. Kd3 Nh4 31. g3 Nf5 32. Nf1 Ne7 33. b3 h5 34. Ne3 h4 35. c4 dxc4+ 36. bxc4 b6 37. Ke4 g6 38. a5 Kd6 39. a6 Nc6 40. Nd5 Nb8 41. Nxb6 Nxa6 42. Nc8+ Ke6 43. Nxa7 Nc7 44. d5+ Kd7 45. c5 1-0

[Event "TCh-ESP Div Honor 2016"]
[White "Radjabov, Teimour"]
[Black "Cheparinov, Ivan"]
[Site "Monzon ESP"]
[Result "1/2-1/2"]
[Date "2016.09.27"]
[WhiteElo "2722"]
[BlackElo "2677"]
[PlyCount "95"]

1. d4 Nf6 2. c4 e6 3. Nf3 d5 4. g3 dxc4 5. Bg2 Nc6 6. 0-0 Rb8 7. e3 b5 8. b3 cxb3 9. axb3 Be7 10. Qe2 0-0 11. Bd2 Bb7 12. Rc1 a6 13. Ne1 Nb4 14. Bxb7 Rxb7 15. Bxb4 Bxb4 16. Rxa6 Qd5 17. Qc2 Bxe1 18. Rxe1 Rb6 19. Nc3 Qc6 20. Ra2 h5 21. Ne2 Qf3 22. Nf4 Rc6 23. Qe2 Qxe2 24. Nxe2 Nd5 25. Rc1 Rxc1+ 26. Nxc1 Nb4 27. Ra5 Rb8 28. Ne2 e5 29. dxe5 Nc6 30. Ra1 Nxe5 31. Rc1 Ra8 32. Rxc7 Nf3+ 33. Kg2 Ne1+ 34. Kf1 Nf3 35. Nd4 Nxh2+ 36. Kg2 Ng4 37. Rc2 b4 38. Nc6 Ra6 39. Nxb4 Rb6 40. Rc4 g5 41. Re4 Kg7 42. Rd4 Kg6 43. e4 f6 44. f3 Ne5 45. Nd3 Rxb3 46. Nxe5+ fxe5 47. Rd6+ Kg7 48. Rd7+ 1/2-1/2

[Event "TCh-ESP Div Honor 2016"]
[White "Oparin, Grigoriy"]
[Black "Dominguez Perez, Leinier"]
[Site "Monzon ESP"]
[Result "1/2-1/2"]
[Date "2016.09.27"]
[WhiteElo "2626"]
[BlackElo "2720"]
[PlyCount "145"]

1. Nf3 Nf6 2. g3 c5 3. Bg2 d5 4. 0-0 g6 5. c4 Bg7 6. Qa4+ Bd7 7. Qb3 dxc4 8. Qxc4 Qb6 9. Nc3 0-0 10. d3 Be6 11. Qh4 Nc6 12. Ng5 Nd4 13. e3 Nf5 14. Qh3 h5 15. Nxe6 fxe6 16. Bf3 Rad8 17. Be2 Nd7 18. Rd1 Ne5 19. Qg2 Rd7 20. h3 Rfd8 21. g4 hxg4 22. hxg4 Nh6 23. Qe4 g5 24. Rb1 a5 25. Na4 Qb5 26. b3 Rd6 27. Bb2 Nhf7 28. Kf1 Qc6 29. Qxc6 Rxc6 30. d4 cxd4 31. Bxd4 Rdc8 32. b4 axb4 33. Rxb4 R8c7 34. Rb5 Nd7 35. Bxg7 Kxg7 36. Bf3 Rc2 37. Rxb7 Rxb7 38. Bxb7 Nde5 39. Be4 Rxa2 40. Nc3 Rb2 41. Rb1 Rxb1+ 42. Bxb1 Nxg4 43. Kg2 Nd6 44. Ne4 Nxe4 45. Bxe4 Nf6 46. Bc2 e5 47. Kg3 Kh6 48. Bf5 Kh5 49. Be6 Ne4+ 50. Kf3 Nc5 51. Bg4+ Kh4 52. Bf5 Kh5 53. Kg3 e4 54. Bg4+ Kg6 55. Be2 Nd7 56. Ba6 Nf6 57. Bc8 Kf7 58. Bf5 Ke8 59. Be6 Kd8 60. Bb3 Kc7 61. Bc4 Kd6 62. Bb3 Kc5 63. Bf7 Kb4 64. Be6 Kc3 65. Bc8 Kd2 66. Bb7 Ke1 67. Ba6 Nd7 68. Bb7 Nc5 69. Bd5 Kf1 70. f4 exf3 71. Kxf3 Nd7 72. Be6 Nf6 73. e4 1/2-1/2

[Event "TCh-ESP Div Honor 2016"]
[White "Rapport, Richard"]
[Black "Antipov, Mikhail Al."]
[Site "Monzon ESP"]
[Result "1-0"]
[Date "2016.09.27"]
[WhiteElo "2752"]
[BlackElo "2550"]
[PlyCount "67"]

1. d4 Nf6 2. Nf3 e6 3. c4 Bb4+ 4. Nbd2 0-0 5. e3 Re8 6. a3 Bf8 7. b3 d6 8. Bb2 Nbd7 9. g4 Nxg4 10. Rg1 Ngf6 11. Qc2 Qe7 12. 0-0-0 b5 13. c5 dxc5 14. Bxb5 Rb8 15. Bd3 cxd4 16. Nxd4 Bb7 17. Rg5 h6 18. Rg3 c5 19. Nb5 c4 20. Nxc4 Nc5 21. Nbd6 Bd5 22. Nxe8 Qxe8 23. Rdg1 Nxb3+ 24. Kd1 Nh5 25. Rh3 Nc5 26. Bh7+ Kh8 27. Nd2 Qd8 28. Ke2 Nf6 29. Bd4 Nb3 30. Nxb3 Bxb3 31. Qd3 Nxh7 32. Rxh6 f5 33. Rhg6 Qd5 34. Rxg7 1-0

[Event "TCh-ESP Div Honor 2016"]
[White "Svetushkin, Dmitry"]
[Black "Vallejo Pons, Francisco"]
[Site "Monzon ESP"]
[Result "0-1"]
[Date "2016.09.27"]
[WhiteElo "2543"]
[BlackElo "2716"]
[PlyCount "78"]

1. e4 e6 2. d4 d5 3. Nc3 Bb4 4. e5 c5 5. Bd2 Ne7 6. a3 Bxc3 7. Bxc3 b6 8. Bb5+ Bd7 9. Bd3 Nbc6 10. Nf3 Qb8 11. dxc5 bxc5 12. 0-0 Ng6 13. Re1 a5 14. h4 h6 15. h5 Nf4 16. Bf1 Nxh5 17. g3 g6 18. Nh2 d4 19. Bd2 Nxe5 20. b4 axb4 21. axb4 Bc6 22. Rxa8 Bxa8 23. bxc5 Qb7 24. f3 Qd5 25. c4 Qxc5 26. g4 Nf6 27. Rxe5 Qxe5 28. Qa4+ Kf8 29. Qxa8+ Kg7 30. Qa3 Qg3+ 31. Bg2 Ne4 32. Bf4 Qxf4 33. fxe4 Rb8 34. Nf1 Rb1 35. Qf3 Qe3+ 36. Qf2 Rc1 37. Bf3 Qxf2+ 38. Kxf2 Rxc4 39. Be2 Rc2 0-1

[Event "TCh-ESP Div Honor 2016"]
[White "Salgado Lopez, Ivan"]
[Black "Santos Latasa, Jaime"]
[Site "Monzon ESP"]
[Result "1/2-1/2"]
[Date "2016.09.27"]
[WhiteElo "2662"]
[BlackElo "2569"]
[PlyCount "62"]

1. e4 c5 2. Nf3 d6 3. d4 Nf6 4. dxc5 Nxe4 5. cxd6 Nc6 6. Be3 Nxd6 7. Nc3 g6 8. Nb5 Bg7 9. Nxd6+ exd6 10. c3 d5 11. Be2 0-0 12. Qd2 Qa5 13. 0-0 Bg4 14. Rfd1 Rfd8 15. Nd4 Bxd4 16. Bxd4 Nxd4 17. Bxg4 Nc6 18. Bf3 d4 19. c4 Qc5 20. Rac1 Rac8 21. a3 Qf5 22. h3 h5 23. Bd5 Rd7 24. b3 a6 25. Re1 Ne7 26. Be4 Qf6 27. Rcd1 Kg7 28. Qd3 a5 29. b4 axb4 30. axb4 b6 31. Re2 Ra8 1/2-1/2

[Event "TCh-ESP Div Honor 2016"]
[White "Moreno Tejera, Emilio"]
[Black "Edouard, Romain"]
[Site "Monzon ESP"]
[Result "0-1"]
[Date "2016.09.27"]
[WhiteElo "2444"]
[BlackElo "2635"]
[PlyCount "70"]

1. e4 c5 2. Nf3 d6 3. d4 cxd4 4. Nxd4 Nf6 5. Nc3 Nc6 6. Bg5 e6 7. Qd2 a6 8. 0-0-0 Bd7 9. f4 b5 10. Bxf6 gxf6 11. Kb1 Qb6 12. Nce2 Rd8 13. Qe1 h5 14. f5 Nxd4 15. Nxd4 e5 16. Ne2 b4 17. Qh4 Ke7 18. Ng3 Qf2 19. Bc4 Ba4 20. b3 Bb5 21. Rhf1 Qxg2 22. Rg1 Qf3 23. Bxb5 axb5 24. Rd3 Qf2 25. Rf1 Qa7 26. Nxh5 Rxh5 27. Qxh5 Ra8 28. Kc1 Qxa2 29. Kd2 Qb2 30. Rc1 Bg7 31. Kd1 Rh8 32. Qe2 Bh6 33. Rd2 Bxd2 34. Qxd2 Rh4 35. Ke1 Rxh2 0-1

[Event "TCh-ESP Div Honor 2016"]
[White "Vega Gutierrez, Sabrina"]
[Black "Hernandez Estevez, Yudania"]
[Site "Monzon ESP"]
[Result "1/2-1/2"]
[Date "2016.09.27"]
[WhiteElo "2411"]
[BlackElo "2224"]
[PlyCount "77"]

1. e4 c6 2. Nc3 d5 3. Nf3 Bg4 4. d4 e6 5. h3 Bxf3 6. Qxf3 Nd7 7. Bd3 Qb6 8. exd5 cxd5 9. 0-0 Ngf6 10. Re1 Be7 11. g4 h6 12. a4 a6 13. Ne2 Rc8 14. a5 Qc7 15. Bf4 Bd6 16. c3 0-0 17. Bxd6 Qxd6 18. Ng3 Rfe8 19. h4 g5 20. hxg5 hxg5 21. Ne2 Kf8 22. Ra4 Ke7 23. Rb4 Rb8 24. Kg2 Rh8 25. Ng3 Kd8 26. Rh1 Kc7 27. Be2 Rxh1 28. Nxh1 Rh8 29. Qg3 Ne4 30. Qxd6+ Nxd6 31. f3 f5 32. Nf2 Nf6 33. b3 fxg4 34. fxg4 Nfe4 35. Nxe4 Nxe4 36. Rb6 Rf8 37. Bf3 Nd2 38. Be2 Ne4 39. Bf3 1/2-1/2

[Event "TCh-ESP Div Honor 2016"]
[White "Bacrot, Etienne"]
[Black "Inarkiev, Ernesto"]
[Site "Monzon ESP"]
[Result "1/2-1/2"]
[Date "2016.09.27"]
[WhiteElo "2692"]
[BlackElo "2732"]
[PlyCount "118"]

1. e4 e5 2. Nf3 Nc6 3. Bb5 a6 4. Ba4 Nf6 5. 0-0 Be7 6. d3 b5 7. Bb3 d6 8. a3 0-0 9. Nc3 Na5 10. Ba2 Be6 11. b4 Bxa2 12. Rxa2 Nc6 13. Bg5 Ng4 14. Bxe7 Nxe7 15. Qb1 c6 16. a4 Qc7 17. Qb3 Rab8 18. axb5 axb5 19. Rfa1 Rb7 20. Ra6 h6 21. R1a5 Nc8 22. Ra8 Nb6 23. Rxf8+ Kxf8 24. Qa2 g6 25. h3 Nf6 26. Nd2 Kg7 27. Ra6 Nfd7 28. Qa1 Kg8 29. Nb3 Qc8 30. Qc1 Kg7 31. f4 Rb8 32. Ra5 Ra8 33. Qa1 Qb7 34. fxe5 dxe5 35. Kf1 Qb8 36. Rxa8 Nxa8 37. Nd2 Nc7 38. Nf3 Ne6 39. Qa6 Qc7 40. Ne2 Qd6 41. Qa7 Ng5 42. Nxg5 hxg5 43. Qe3 Qxb4 44. Qxg5 Qb1+ 45. Qc1 Qa2 46. Nc3 Qa7 47. Nd1 Qd4 48. Ne3 Kf8 49. Ng4 Qc3 50. Ke2 Ke8 51. Qd2 Qc5 52. c3 Qg1 53. Ne3 Qa1 54. Nc2 Qg1 55. Ne3 Qb1 56. Qd1 Qb2+ 57. Qd2 Qb1 58. Qd1 Qb2+ 59. Qd2 Qb1 1/2-1/2

[Event "TCh-ESP Div Honor 2016"]
[White "Kryvoruchko, Yuriy"]
[Black "Van Wely, Loek"]
[Site "Monzon ESP"]
[Result "1/2-1/2"]
[Date "2016.09.27"]
[WhiteElo "2693"]
[BlackElo "2674"]
[PlyCount "94"]

1. e4 c5 2. Nf3 d6 3. d4 cxd4 4. Nxd4 Nf6 5. Nc3 a6 6. Be3 Ng4 7. Bc1 Nf6 8. f3 e5 9. Nb3 Be6 10. Be3 Nbd7 11. Qd2 b5 12. 0-0-0 Be7 13. g4 Nb6 14. g5 Nh5 15. Nd5 Bxd5 16. exd5 Rc8 17. Na5 Nxd5 18. Qxd5 Qxa5 19. Kb1 0-0 20. c4 Nf4 21. Bxf4 exf4 22. h4 Qa4 23. b3 Qb4 24. Bd3 bxc4 25. Qe4 g6 26. Bxc4 Qc3 27. Rc1 Qe5 28. Rhe1 Rfe8 29. Qxe5 dxe5 30. Rxe5 Ba3 31. Rce1 Red8 32. Kc2 Bb4 33. R1e2 a5 34. R5e4 Rd7 35. Rxf4 Kg7 36. Kb2 Rcd8 37. a3 Bc5 38. Bb5 Rd4 39. Rxd4 Rxd4 40. Rc2 Bd6 41. Rc6 Bg3 42. Bc4 Bxh4 43. Rc5 Be1 44. Re5 Bd2 45. Kc2 a4 46. Re7 axb3+ 47. Bxb3 Bxg5 1/2-1/2

[Event "TCh-ESP Div Honor 2016"]
[White "Naiditsch, Arkadij"]
[Black "Saric, Ivan"]
[Site "Monzon ESP"]
[Result "1-0"]
[Date "2016.09.27"]
[WhiteElo "2696"]
[BlackElo "2668"]
[PlyCount "119"]

1. e4 c5 2. Nf3 d6 3. d4 cxd4 4. Nxd4 Nf6 5. Nc3 a6 6. g3 Nc6 7. Bg2 Bd7 8. 0-0 e6 9. Be3 Qc7 10. f4 Na5 11. Bf2 Rc8 12. Qe2 Nc4 13. Rae1 Nxb2 14. e5 Qxc3 15. exf6 gxf6 16. Qh5 Rc5 17. Bd5 Rxd5 18. Qxd5 Qc8 19. Qh5 Nc4 20. Nxe6 Bxe6 21. f5 Ne5 22. fxe6 Qxe6 23. Rb1 Qd5 24. Rb3 Be7 25. Qf5 0-0 26. g4 Kg7 27. Rh3 h6 28. Be3 Rh8 29. Qh5 Kg8 30. Qf5 Kg7 31. a4 b5 32. axb5 axb5 33. Qh5 Bd8 34. Qf5 Be7 35. Ra1 Bd8 36. Rb1 Kf8 37. Rg3 Ke8 38. Qf1 Nc4 39. Qg2 Qxg2+ 40. Kxg2 h5 41. Bd4 hxg4 42. Rxb5 Ne5 43. Rb7 f5 44. Rc3 f4 45. Rc8 Rxh2+ 46. Kxh2 Nf3+ 47. Kg2 Nxd4 48. Rb6 Ne6 49. Rxd6 Ke7 50. Ra6 Kd7 51. Rc4 Bc7 52. Kf2 g3+ 53. Ke2 Ng5 54. Ra7 f3+ 55. Ke3 f2 56. Rcxc7+ Ke6 57. Ke2 Nf3 58. Re7+ Kd6 59. Rad7+ Kc6 60. Rd1 1-0

[Event "TCh-ESP Div Honor 2016"]
[White "Laznicka, Viktor"]
[Black "Gonzalez De La Torre, Santiago"]
[Site "Monzon ESP"]
[Result "1-0"]
[Date "2016.09.27"]
[WhiteElo "2651"]
[BlackElo "2459"]
[PlyCount "51"]

1. d4 d5 2. c4 e6 3. Nf3 c6 4. Nbd2 f5 5. Ne5 Nd7 6. Nd3 Nh6 7. Qc2 Qf6 8. Nf3 Nf7 9. h4 Bd6 10. Bg5 Nxg5 11. hxg5 Qe7 12. 0-0-0 0-0 13. e3 dxc4 14. Qxc4 b5 15. Qc2 Bb7 16. Nfe5 Bxe5 17. dxe5 c5 18. Nf4 Nxe5 19. Bxb5 c4 20. g6 Nd3+ 21. Rxd3 cxd3 22. gxh7+ Kf7 23. Nxd3 g6 24. Bd7 Bxg2 25. Rg1 Kg7 26. Qc3+ 1-0

[Event "TCh-ESP Div Honor 2016"]
[White "Franco Alonso, Alejandro"]
[Black "Fedorchuk, Sergey A."]
[Site "Monzon ESP"]
[Result "1/2-1/2"]
[Date "2016.09.27"]
[WhiteElo "2426"]
[BlackElo "2623"]
[PlyCount "39"]

1. d4 Nf6 2. c4 e6 3. Nf3 Bb4+ 4. Bd2 Qe7 5. g3 Bxd2+ 6. Qxd2 Nc6 7. Nc3 d5 8. Ne5 dxc4 9. Nxc6 bxc6 10. Bg2 0-0 11. 0-0 Rd8 12. Qc2 Rb8 13. Rfd1 Nd5 14. Na4 Qb4 15. Rac1 Ba6 16. Nc5 Bc8 17. Na4 Ba6 18. Nc5 Bc8 19. Na4 Ra8 20. Bf1 1/2-1/2

[Event "TCh-ESP Div Honor 2016"]
[White "Korneev, Oleg"]
[Black "Etchegaray, Patrice"]
[Site "Monzon ESP"]
[Result "1-0"]
[Date "2016.09.27"]
[WhiteElo "2581"]
[BlackElo "2366"]
[PlyCount "77"]

1. e4 c5 2. Nf3 Nc6 3. d4 cxd4 4. Nxd4 g6 5. c4 Bg7 6. Be3 Nf6 7. Nc3 0-0 8. Be2 d6 9. 0-0 Bd7 10. Qd2 Nxd4 11. Bxd4 Bc6 12. f3 a5 13. b3 Nd7 14. Be3 Nc5 15. Rab1 Qb6 16. Rfc1 Rfc8 17. Rc2 h5 18. Bf1 Kh7 19. Kh1 Qd8 20. a3 Qh8 21. Nd5 Bxd5 22. Qxd5 Qe8 23. b4 axb4 24. axb4 Na4 25. Qd3 Qh8 26. Kg1 b5 27. cxb5 Rc3 28. Rxc3 Nxc3 29. Rc1 Rb8 30. b6 Na4 31. Qd5 e6 32. Qxd6 Nxb6 33. Rc7 Qf8 34. Qxf8 Bxf8 35. Rxf7+ Kg8 36. Rf6 Nd7 37. Rxe6 Kf7 38. Bc4 Rxb4 39. Rc6+ 1-0

[Event "TCh-ESP Div Honor 2016"]
[White "Buiza Prieto, Eihartze"]
[Black "Calzetta Ruiz, Monica"]
[Site "Monzon ESP"]
[Result "1/2-1/2"]
[Date "2016.09.27"]
[WhiteElo "2093"]
[BlackElo "2249"]
[PlyCount "85"]

1. e4 b6 2. d4 Bb7 3. Nc3 e6 4. Nf3 Bb4 5. Bd3 Nf6 6. Qe2 d5 7. exd5 Nxd5 8. Bd2 Nxc3 9. bxc3 Be7 10. 0-0 0-0 11. Ne5 Nd7 12. a4 c5 13. a5 Nxe5 14. dxe5 Qd5 15. f3 Rfd8 16. Bf4 h6 17. Rfd1 c4 18. Be4 Qc5+ 19. Be3 Rxd1+ 20. Rxd1 Qc7 21. axb6 axb6 22. Bxb7 Qxb7 23. Qxc4 b5 24. Qb3 Ra3 25. Qb2 Qc6 26. Bd4 Bc5 27. Rb1 Qd5 28. Kh1 Qc4 29. h3 Bxd4 30. Qxa3 Bxc3 31. Qb3 Qc7 32. Qxb5 Bxe5 33. c4 Qd6 34. c5 Qd4 35. Qb4 Qf2 36. Qe1 Qxc5 37. Rc1 Qd6 38. Rd1 Qc7 39. Rc1 Qd6 40. Rd1 Qc7 41. Qe4 g6 42. Rf1 Bf4 43. Rb1 1/2-1/2

[Event "TCh-ESP Div Honor 2016"]
[White "Anton Guijarro, David"]
[Black "Piorun, Kacper"]
[Site "Monzon ESP"]
[Result "0-1"]
[Date "2016.09.27"]
[WhiteElo "2630"]
[BlackElo "2681"]
[PlyCount "124"]

1. d4 Nf6 2. c4 g6 3. Nc3 d5 4. cxd5 Nxd5 5. e4 Nxc3 6. bxc3 Bg7 7. Qa4+ Nd7 8. Nf3 c5 9. Be2 0-0 10. 0-0 Nf6 11. Bd3 Bd7 12. Qa3 cxd4 13. cxd4 Bg4 14. e5 Nd5 15. Be4 f5 16. Bc2 Rc8 17. Bb3 Bxf3 18. gxf3 e6 19. Bd2 Qh4 20. Qxa7 Qh3 21. Qxb7 Qxf3 22. h3 Rcd8 23. Qc6 Kh8 24. Bxd5 Rxd5 25. Qc3 Qe4 26. Rfe1 Qh4 27. Rab1 Rxd4 28. Rb7 Rfd8 29. Qc7 Bf8 30. Be3 Qxh3 31. Bxd4 Rxd4 32. Rb3 Rg4+ 33. Rg3 Rxg3+ 34. fxg3 Qxg3+ 35. Kf1 Qf4+ 36. Kg2 Qd2+ 37. Kf1 Qd3+ 38. Kf2 Qd4+ 39. Ke2 Qe4+ 40. Kf2 Qd4+ 41. Ke2 f4 42. Qc6 Bc5 43. Qc8+ Kg7 44. Qb7+ Kf8 45. Qc8+ Kf7 46. Qb7+ Be7 47. Rh1 h5 48. Qf3 Qc4+ 49. Kf2 Qxa2+ 50. Qe2 Qd5 51. Rh3 Bc5+ 52. Kf1 Be3 53. Rxe3 fxe3 54. Qxe3 Kg7 55. Kf2 Qd7 56. Kg3 Qf7 57. Qb6 g5 58. Kg2 h4 59. Qd8 Kg6 60. Qh8 g4 61. Kg1 h3 62. Qh4 Qf3 0-1

[Event "TCh-ESP Div Honor 2016"]
[White "Iturrizaga Bonelli, Eduardo"]
[Black "Sevian, Samuel"]
[Site "Monzon ESP"]
[Result "1/2-1/2"]
[Date "2016.09.27"]
[WhiteElo "2650"]
[BlackElo "2591"]
[PlyCount "65"]

1. Nf3 d5 2. d4 Nf6 3. c4 e6 4. g3 Bb4+ 5. Bd2 Be7 6. Bg2 0-0 7. 0-0 c6 8. Qc2 b6 9. Ne5 Bb7 10. Rd1 Nbd7 11. Bf4 Nh5 12. Bc1 Nhf6 13. cxd5 cxd5 14. Nc6 Bxc6 15. Qxc6 Rc8 16. Qa4 Qc7 17. Nc3 Qb7 18. Bd2 a6 19. Rdc1 b5 20. Qd1 Nb6 21. Be1 Nc4 22. Rab1 Rc7 23. e3 Rfc8 24. Ne2 Rc6 25. a4 g6 26. Qb3 Kg7 27. axb5 axb5 28. Nf4 Qa7 29. Nd3 Qa4 30. Qxa4 bxa4 31. Ra1 Rb6 32. Bc3 Rb3 33. Rxa4 1/2-1/2

[Event "TCh-ESP Div Honor 2016"]
[White "Cuenca Jimenez, Jose Fernando"]
[Black "Quesada Perez, Yuniesky"]
[Site "Monzon ESP"]
[Result "1/2-1/2"]
[Date "2016.09.27"]
[WhiteElo "2529"]
[BlackElo "2636"]
[PlyCount "63"]

1. e4 c5 2. Nf3 e6 3. d4 cxd4 4. Nxd4 Nc6 5. Nc3 Qc7 6. Be3 a6 7. Bd3 Nf6 8. 0-0 Ne5 9. Be2 b5 10. f4 Nc4 11. Bxc4 Qxc4 12. e5 Nd5 13. Nxd5 Qxd5 14. Qe2 Bb7 15. Rad1 Rc8 16. Qf2 g6 17. Nb3 Qe4 18. c3 Be7 19. Rd2 Bd5 20. Nc5 Qxg2+ 21. Qxg2 Bxg2 22. Kxg2 Bxc5 23. Bxc5 Rxc5 24. Rd6 g5 25. Rxa6 Ke7 26. f5 Rhc8 27. f6+ Kd8 28. Rd1 Rxe5 29. Ra7 Rc7 30. Ra8+ Rc8 31. Ra7 Rc7 32. Ra8+ 1/2-1/2

[Event "TCh-ESP Div Honor 2016"]
[White "Arizmendi Martinez, Julen Luis"]
[Black "Rubio Mejia, Luis Ignacio"]
[Site "Monzon ESP"]
[Result "0-1"]
[Date "2016.09.27"]
[WhiteElo "2489"]
[BlackElo "2447"]
[PlyCount "70"]

1. e4 c5 2. Nf3 d6 3. d4 cxd4 4. Nxd4 Nf6 5. Nc3 a6 6. g3 e5 7. Nde2 Be7 8. Bg2 b5 9. Nd5 Nbd7 10. Nec3 Bb7 11. 0-0 0-0 12. Re1 Rc8 13. Re2 h6 14. a4 Nxd5 15. Nxd5 Bxd5 16. exd5 Bg5 17. Bxg5 hxg5 18. axb5 axb5 19. Ra6 Nc5 20. Rc6 f5 21. b4 Na4 22. Re1 Qf6 23. Qd3 Rb8 24. Rb1 e4 25. Qe3 Rbe8 26. c3 f4 27. Qd4 Qf5 28. Rc7 Re5 29. Re1 e3 30. fxe3 fxe3 31. Rf1 e2 32. Re1 Nb2 33. h3 Qd3 34. Qa7 Qe3+ 35. Qxe3 Rxe3 0-1

[Event "TCh-ESP Div Honor 2016"]
[White "Espinosa Aranda, Angel"]
[Black "Castellanos Rodriguez, Renier"]
[Site "Monzon ESP"]
[Result "1/2-1/2"]
[Date "2016.09.27"]
[WhiteElo "2438"]
[BlackElo "2495"]
[PlyCount "43"]

1. e4 c5 2. Nc3 e6 3. g3 Nc6 4. Bg2 Nf6 5. Nge2 d6 6. 0-0 Be7 7. d4 cxd4 8. Nxd4 Bd7 9. a4 0-0 10. Nb3 a6 11. a5 b5 12. f4 b4 13. Ne2 e5 14. c4 bxc3 15. Nxc3 Rb8 16. f5 Rb4 17. Be3 Qb8 18. Ra3 Qb7 19. Na2 Rb5 20. Nc3 Rb4 21. Na2 Rb5 22. Nc3 1/2-1/2

[Event "TCh-ESP Div Honor 2016"]
[White "Santos Ruiz, Miguel"]
[Black "Almagro Llamas, Pablo"]
[Site "Monzon ESP"]
[Result "1/2-1/2"]
[Date "2016.09.27"]
[WhiteElo "2472"]
[BlackElo "2436"]
[PlyCount "69"]

1. e4 c5 2. Nf3 Nc6 3. Bb5 e6 4. 0-0 Nge7 5. Re1 a6 6. Bf1 d5 7. exd5 Nxd5 8. d4 Nf6 9. Be3 Nd5 10. Bg5 f6 11. c4 Nde7 12. Be3 cxd4 13. Nxd4 Nxd4 14. Qxd4 Qxd4 15. Bxd4 Bd7 16. Nc3 Rc8 17. Ne4 Nf5 18. Bb6 Bb4 19. Red1 Bc6 20. a3 Be7 21. Nc3 Kf7 22. f3 Bd8 23. Bf2 Bc7 24. b4 Be5 25. Rac1 Rhd8 26. Rxd8 Rxd8 27. b5 Be8 28. bxa6 bxa6 29. c5 Bxc3 30. Rxc3 Rd1 31. g4 Ne7 32. Kg2 Nd5 33. Rc2 Nf4+ 34. Kg3 Rxf1 35. Kxf4 1/2-1/2

[Event "TCh-ESP Div Honor 2016"]
[White "Garcia Martin, Marta"]
[Black "Sgircea, Silvia-Raluca"]
[Site "Monzon ESP"]
[Result "1/2-1/2"]
[Date "2016.09.27"]
[WhiteElo "2218"]
[BlackElo "2286"]
[PlyCount "111"]

1. e4 c5 2. Nf3 Nc6 3. Bb5 g6 4. Bxc6 bxc6 5. 0-0 Bg7 6. Re1 Nh6 7. c3 0-0 8. h3 f5 9. e5 Nf7 10. d3 Rb8 11. Na3 Ba6 12. Qe2 d6 13. e6 Ne5 14. Nc4 Bxc4 15. dxc4 Qc8 16. Nxe5 Bxe5 17. Bg5 Rb7 18. f4 Bf6 19. Bh6 Bg7 20. Bxg7 Kxg7 21. Rad1 Rf6 22. b3 Rb8 23. Rb1 a5 24. a3 Rb6 25. b4 cxb4 26. cxb4 axb4 27. axb4 Qb7 28. Qd2 Rf8 29. Re3 Rb8 30. Reb3 c5 31. b5 Qe4 32. Qc3+ Kg8 33. Rf1 Qxe6 34. Re1 Qf7 35. Ra3 R6b7 36. Qd3 Kf8 37. Ra6 Qf6 38. Qd5 Qc3 39. Kf2 Qf6 40. g3 Rc7 41. Re3 Qd4 42. Qe6 Rd8 43. h4 Kg7 44. Kg2 Rf8 45. b6 Rb7 46. Re2 Rf6 47. Qd5 Qxd5+ 48. cxd5 Rf8 49. Ra7 Rxa7 50. bxa7 Kf6 51. Rb2 Ra8 52. Rb7 e6 53. Rd7 exd5 54. Rxd6+ Ke7 55. Rxd5 Rxa7 56. Rxc5 1/2-1/2

[Event "TCh-ESP Div Honor 2016"]
[White "Piorun, Kacper"]
[Black "Banusz, Tamas"]
[Site "Monzon ESP"]
[Result "0-1"]
[Date "2016.09.28"]
[WhiteElo "2681"]
[BlackElo "2613"]
[PlyCount "118"]

1. e4 e5 2. Bc4 Nc6 3. Nc3 Nf6 4. d3 Na5 5. Nge2 Be7 6. 0-0 c6 7. a4 Nxc4 8. dxc4 0-0 9. b3 d6 10. Ba3 Qc7 11. Ng3 Be6 12. Qe2 Rad8 13. Rad1 Rfe8 14. Rfe1 Bg4 15. f3 Be6 16. Kh1 Bf8 17. Bb2 Bc8 18. Qf2 Qa5 19. Rd3 Nd7 20. Red1 Nc5 21. R3d2 g6 22. Nce2 Qb6 23. Ba3 Nxa4 24. Qxb6 Nxb6 25. c5 Nd7 26. cxd6 a5 27. c4 b6 28. Nc3 Ba6 29. Nge2 Bh6 30. Rc2 Be3 31. Na4 b5 32. cxb5 cxb5 33. Nc5 Bxc5 34. Bxc5 Rc8 35. Rdc1 b4 36. Be3 Rxc2 37. Rxc2 Bxe2 38. Rxe2 Rc8 39. Ra2 Rc3 40. Bg1 f6 41. Rxa5 Kf7 42. h4 Rxb3 43. Bc5 Ke6 44. Rb5 Nxc5 45. Rxc5 Kxd6 46. Rb5 Kc6 47. Rb8 Rb1+ 48. Kh2 b3 49. g4 Kc5 50. Rb7 h5 51. gxh5 gxh5 52. Kg2 Kc4 53. Rc7+ Kd3 54. Rb7 Kc2 55. Rc7+ Kb2 56. Rc6 Rc1 57. Rxf6 Rc3 58. f4 exf4 59. Rxf4 Ka2 0-1